নীতি ও ন্যায্যতা / (Record no. 39351)
[ view plain ]
| 000 -LEADER | |
|---|---|
| fixed length control field | 01171nam a2200265 a 4500 |
| 001 - CONTROL NUMBER | |
| control field | 39351 |
| 003 - CONTROL NUMBER IDENTIFIER | |
| rucl marc code | BD-RjUL |
| 005 - DATE AND TIME OF LATEST TRANSACTION | |
| control field | 20211209052955.0 |
| 008 - FIXED-LENGTH DATA ELEMENTS--GENERAL INFORMATION | |
| fixed length control field | 160407s2013 ii ||||| |||| 001 e ben d |
| 020 ## - INTERNATIONAL STANDARD BOOK NUMBER | |
| International Standard Book Number | 9789350402979 |
| Terms of availability | : Tk. 800.00 |
| 035 ## - SYSTEM CONTROL NUMBER | |
| System control number | (BD-RjUL) |
| 040 ## - CATALOGING SOURCE | |
| Original cataloging agency | BD-RjUL |
| Language of cataloging | ben |
| Transcribing agency | BD-RjUL |
| 041 ## - LANGUAGE CODE | |
| Language code of text/sound track or separate title | ben |
| 082 ## - DEWEY DECIMAL CLASSIFICATION NUMBER | |
| Edition number | 23 |
| Classification number | 320.011 |
| Author mark and year | SEN 2013 |
| 100 ## - MAIN ENTRY--PERSONAL NAME | |
| Personal name | সেন, অমত্য |
| 9 (RLIN) | 121313 |
| 245 10 - TITLE STATEMENT | |
| Title | নীতি ও ন্যায্যতা / |
| Statement of responsibility, etc. | অমর্ত্য সেন ; অনির্বাণ চট্টোপাধ্যায়, কুমার রাণা, সম্পাদক |
| 260 ## - PUBLICATION, DISTRIBUTION, ETC. (IMPRINT) | |
| Place of publication, distribution, etc. | কলকাতা : |
| Name of publisher, distributor, etc. | আনন্দ, |
| Date of publication, distribution, etc. | ২০১৩ |
| 300 ## - PHYSICAL DESCRIPTION | |
| Pagination | [১৫], ৮, ৫২৬ পৃ. ; |
| Size | ২৫ সেমি. |
| 500 ## - GENERAL NOTE | |
| General note | নাম ও বিষয় নির্দেশিকা সংযুক্ত |
| 650 ## - SUBJECT ADDED ENTRY--TOPICAL TERM | |
| Topical term or geographic name as entry element | সামাজিক চুক্তি |
| 9 (RLIN) | 121307 |
| Topical term or geographic name as entry element | Social Contract |
| 9 (RLIN) | 121308 |
| 700 ## - ADDED ENTRY--PERSONAL NAME | |
| Personal name | চট্টোপাধ্যায়, অনির্বাণ, সম্পাদক |
| Personal name | রাণা, কুমার, সম্পাদক |
| 942 ## - ADDED ENTRY ELEMENTS (KOHA) | |
| Source of classification or shelving scheme | Dewey Decimal Classification |
| Koha item type | Books |
| Lost status | Source of classification or shelving scheme | Damaged status | Not for loan | Collection code | Permanent Location | Current Location | Shelving location | Date acquired | Source of acquisition | Cost, normal purchase price | Total Checkouts | Full call number | Date last seen | Copy number | Koha item type | Date checked out |
|---|---|---|---|---|---|---|---|---|---|---|---|---|---|---|---|---|
| Dewey Decimal Classification | Not For Loan | Non-fiction | Central Library, University of Rajshahi | Central Library, University of Rajshahi | Reading Room | 23/06/2015 | Batighor, Chitagang | 800.00 | B 320.011 SEN 2013 | 07/04/2016 | C-1 | Books | ||||
| Dewey Decimal Classification | Non-fiction | Central Library, University of Rajshahi | Central Library, University of Rajshahi | 23/06/2015 | Batighor, Chitagang | 800.00 | 1 | B 320.011 SEN 2013 | 31/12/2017 | C-2 | Books | 10/12/2017 |